[Event "Novokuznetsk Siberia-ch"]
[Site "Novokuznetsk"]
[Date "2013.03.29"]
[Round "9"]
[White "Shurjaev, Mikhail"]
[Black "Belyikh, Alexander"]
[Result "0-1"]
[WhiteElo "2176"]
[BlackElo "1987"]
[PlyCount "78"]
[EventDate "2013.03.21"]
[EventType "swiss"]
[EventRounds "9"]
[EventCountry "RUS"]
[SourceTitle "CBM 153 Extra"]
[Source "ChessBase"]
[SourceDate "2013.04.22"]
[SourceVersion "1"]
[SourceVersionDate "2013.04.22"]
[SourceQuality "1"]

1. d4 Nf6 2. Nf3 e6 3. c4 c5 4. d5 exd5 5. cxd5 d6 6. Nc3 g6 7. Bf4 Bg7 8. e3 0-0 9. Bd3 Na6 10. 0-0 Nc7 11. Be2 a6 12. a4 Rb8 13. a5 b5 14. axb6 Rxb6 15. Qd2 Re8 16. Rad1 Ne4 17. Qc1 Rxb2 18. Qxb2 Nxc3 19. Rde1 N3xd5 20. Qb3 Nxf4 21. exf4 d5 22. Ne5 c4 23. Qg3 Qd6 24. Bg4 Bxg4 25. Qxg4 Bxe5 26. fxe5 Rxe5 27. Rd1 Nb5 28. Qc8+ Kg7 29. f4 Rf5 30. Qb7 d4 31. Qf3 d3 32. g4 Nd4 33. Qe4 Rxf4 34. Rxf4 Qxf4 35. Qxf4 Ne2+ 36. Kf2 Nxf4 37. Ke3 c3 38. g5 c2 39. Ra1 Ne2 0-1

[Event "Novokuznetsk Siberia-ch"]
[Site "Novokuznetsk"]
[Date "2013.03.24"]
[Round "4"]
[White "Belyikh, Alexander"]
[Black "Khanin, Semen"]
[Result "0-1"]
[WhiteElo "1987"]
[BlackElo "2229"]
[PlyCount "92"]
[EventDate "2013.03.21"]
[EventType "swiss"]
[EventRounds "9"]
[EventCountry "RUS"]
[SourceTitle "CBM 153 Extra"]
[Source "ChessBase"]
[SourceDate "2013.04.22"]
[SourceVersion "1"]
[SourceVersionDate "2013.04.22"]
[SourceQuality "1"]

1. e4 c5 2. Nf3 e6 3. d4 cxd4 4. Nxd4 Nc6 5. Nc3 Qc7 6. Be3 a6 7. Be2 Nf6 8. a3 Be7 9. 0-0 0-0 10. f4 d6 11. Qe1 Nxd4 12. Bxd4 e5 13. Be3 b5 14. Rd1 Bb7 15. Bf3 Qc4 16. Be2 Qc8 17. Bf3 Re8 18. Qg3 Qc4 19. Be2 Nxe4 20. Bxc4 Nxg3 21. Bxf7+ Kxf7 22. hxg3 Ke6 23. Rfe1 Rac8 24. Re2 Rc4 25. Rde1 Bf6 26. Nb1 Kf5 27. c3 exf4 28. Bxf4 Rce4 29. Rxe4 Rxe4 30. Rxe4 Kxe4 31. Bxd6 Kd3 32. a4 bxa4 33. Na3 Bg5 34. Be5 Bc1 35. c4 g6 36. Kf1 Be3 37. Bf6 Be4 38. Bc3 Bc5 39. Ba5 Bd4 40. Be1 Bxb2 41. Bb4 Bxa3 42. Bxa3 Kxc4 43. Ke2 Kb3 44. Bd6 a3 45. Kd2 Kb2 46. Be5+ Kb1 0-1

[Event "Sibiria Region-ch"]
[Site "Prokopevsk"]
[Date "2012.03.18"]
[Round "7"]
[White "Belyikh, Alexander"]
[Black "Feofanov, Andrei"]
[Result "0-1"]
[WhiteElo "2003"]
[BlackElo "1904"]
[PlyCount "82"]
[EventDate "2012.03.12"]
[EventType "swiss"]
[EventRounds "9"]
[EventCountry "RUS"]
[SourceTitle "EXT 2013"]
[Source "ChessBase"]
[SourceDate "2012.11.22"]
[SourceVersion "1"]
[SourceVersionDate "2012.11.22"]
[SourceQuality "1"]

1. e4 e6 2. d4 d5 3. exd5 exd5 4. Nf3 Nc6 5. Bb5 Bd6 6. c4 dxc4 7. d5 a6 8. Ba4 b5 9. dxc6 bxa4 10. 0-0 Ne7 11. Qxa4 0-0 12. Nbd2 Rb8 13. Nxc4 Rb4 14. Qc2 Bf5 15. Qc3 Nd5 16. Qd4 Nb6 17. b3 Bd3 18. Bb2 f6 19. Rfd1 Bxc4 20. bxc4 Rxc4 21. Qd3 Qa8 22. Nd4 Re8 23. Nf5 Qxc6 24. Qb3 Kh8 25. Rxd6 cxd6 26. h4 Rce4 27. Qg3 Qc7 28. Nxd6 Re1+ 29. Rxe1 Rxe1+ 30. Kh2 Nc4 31. Nxc4 Qxc4 32. Qb8+ Qg8 33. Qb4 Re2 34. Bd4 Qxa2 35. Qb8+ Qg8 36. Qa7 Re6 37. h5 h6 38. Qb7 Qe8 39. g4 Qc6 40. Qb8+ Kh7 41. Be3 Qd6+ 0-1

[Event "Sibiria Region-ch"]
[Site "Prokopevsk"]
[Date "2012.03.15"]
[Round "4"]
[White "Belyikh, Alexander"]
[Black "Kuvachev, Andrey Sergeevich"]
[Result "0-1"]
[WhiteElo "2003"]
[BlackElo "2261"]
[PlyCount "44"]
[EventDate "2012.03.12"]
[EventType "swiss"]
[EventRounds "9"]
[EventCountry "RUS"]
[SourceTitle "EXT 2013"]
[Source "ChessBase"]
[SourceDate "2012.11.22"]
[SourceVersion "1"]
[SourceVersionDate "2012.11.22"]
[SourceQuality "1"]

1. e4 c5 2. Nf3 d6 3. d4 cxd4 4. Nxd4 Nf6 5. Nc3 a6 6. Bg5 e6 7. f4 b5 8. e5 dxe5 9. fxe5 Qc7 10. exf6 Qe5+ 11. Be2 Qxg5 12. 0-0 Ra7 13. Nf3 Bc5+ 14. Kh1 Qxf6 15. Ne4 Qe7 16. Ne5 f5 17. Bh5+ g6 18. Bxg6+ hxg6 19. Nxg6 Rxh2+ 20. Kxh2 Qh7+ 21. Kg3 Qxg6+ 22. Kf3 Qg4# 0-1

[Event "Sibiria Region-ch"]
[Site "Prokopevsk"]
[Date "2012.03.13"]
[Round "2"]
[White "Belyikh, Alexander"]
[Black "Feofanov, Vladimir"]
[Result "0-1"]
[WhiteElo "2003"]
[BlackElo "2286"]
[PlyCount "90"]
[EventDate "2012.03.12"]
[EventType "swiss"]
[EventRounds "9"]
[EventCountry "RUS"]
[SourceTitle "EXT 2013"]
[Source "ChessBase"]
[SourceDate "2012.11.22"]
[SourceVersion "1"]
[SourceVersionDate "2012.11.22"]
[SourceQuality "1"]

1. e4 c6 2. d4 d5 3. Nc3 dxe4 4. Nxe4 Bf5 5. Ng3 Bg6 6. h4 h6 7. Bc4 e6 8. Nh3 Nf6 9. Nf4 Bh7 10. 0-0 Nd5 11. Qh5 Nxf4 12. Bxf4 Qxd4 13. Bxe6 Qxf4 14. Bxf7+ Qxf7 15. Rfe1+ Be7 16. Rxe7+ Kxe7 17. Re1+ Kf8 18. Qc5+ Kg8 19. Re7 Nd7 20. Qe3 Rf8 21. Rxf7 Rxf7 22. Qe8+ Nf8 23. c3 Bb1 24. a4 g6 25. a5 a6 26. b4 Rhh7 27. c4 Re7 28. Qc8 Rhf7 29. f3 Bf5 30. Qb8 h5 31. Qf4 Kh7 32. Kh2 Ne6 33. Qd6 Ng7 34. Qc5 Rd7 35. b5 axb5 36. cxb5 cxb5 37. Qxb5 Rd4 38. a6 bxa6 39. Qxa6 Rxh4+ 40. Kg1 Rb4 41. Qd6 Rfb7 42. Qf6 R4b6 43. Qg5 Rb2 44. Ne4 Bxe4 45. fxe4 Re2 0-1

[Event "Berdsk Maestro op 16th"]
[Site "Berdsk"]
[Date "2010.07.16"]
[Round "9"]
[White "Belyikh, Alexander"]
[Black "Kuzmin, Nikolai"]
[Result "0-1"]
[WhiteElo "1991"]
[BlackElo "2112"]
[PlyCount "58"]
[EventDate "2010.07.08"]
[EventType "swiss"]
[EventRounds "9"]
[EventCountry "RUS"]
[SourceTitle "EXT 2011"]
[Source "ChessBase"]
[SourceDate "2010.11.26"]
[SourceVersion "1"]
[SourceVersionDate "2010.11.26"]
[SourceQuality "1"]

1. e4 e5 2. Nf3 d6 3. d4 Nd7 4. Bc4 c6 5. Nc3 Be7 6. dxe5 dxe5 7. Ng5 Bxg5 8. Qh5 Qe7 9. Bxg5 Ngf6 10. Qe2 0-0 11. 0-0-0 b5 12. Bb3 h6 13. h4 a5 14. g4 a4 15. Bxf6 Qxf6 16. Bd5 Nb6 17. Kb1 cxd5 18. g5 Qf4 19. Qxb5 d4 20. Ne2 Qxe4 21. Qxb6 Qxe2 22. gxh6 Ra6 23. h7+ Kxh7 24. Qc5 Re8 25. h5 Bf5 26. Rde1 Rc8 27. Qxc8 Qxe1+ 28. Rxe1 Bxc8 29. Rxe5 Re6 0-1

[Event "Berdsk Maestro op 14th"]
[Site "Berdsk"]
[Date "2008.07.16"]
[Round "9"]
[White "Belyikh, Alexander"]
[Black "Moskvina, Elena"]
[Result "1-0"]
[WhiteElo "1999"]
[BlackElo "1607"]
[PlyCount "58"]
[EventDate "2008.07.08"]
[EventType "swiss"]
[EventRounds "9"]
[EventCountry "RUS"]
[SourceTitle "CBM 125 Extra"]
[Source "ChessBase"]
[SourceDate "2008.09.01"]
[SourceVersion "1"]
[SourceVersionDate "2008.09.01"]
[SourceQuality "1"]

1. e4 e5 2. Nf3 Nc6 3. Bc4 d6 4. c3 f5 5. d3 Nf6 6. Ng5 d5 7. exd5 Nxd5 8. 0-0 f4 9. Ne4 Be6 10. Re1 Qh4 11. Nbd2 0-0-0 12. Nf3 Qg4 13. Bb5 Nde7 14. b4 h5 15. Bxc6 Nxc6 16. b5 Nb8 17. Nxe5 Qf5 18. d4 h4 19. Qf3 g5 20. h3 Bg7 21. Nc5 Bd5 22. Qg4 Qxg4 23. Nxg4 Bc4 24. a4 Rde8 25. Bd2 Bd5 26. f3 Nd7 27. Ne5 Bxe5 28. dxe5 Nxc5 29. Kf2 Bc4 1-0

[Event "Berdsk Maestro op 13th"]
[Site "Berdsk"]
[Date "2007.07.13"]
[Round "6.20"]
[White "Lifshits, Dan"]
[Black "Belyikh, Alexander"]
[Result "0-1"]
[WhiteElo "2090"]
[BlackElo "1980"]
[PlyCount "94"]
[EventDate "2007.07.08"]
[EventType "swiss"]
[EventRounds "9"]
[EventCountry "RUS"]
[SourceTitle "EXT 2022"]
[Source "ChessBase"]
[SourceDate "2021.10.06"]
[SourceVersion "1"]
[SourceVersionDate "2021.10.06"]
[SourceQuality "1"]

1. e4 e5 2. Nf3 Nf6 3. Nxe5 d6 4. Nf3 Nxe4 5. d4 d5 6. Bd3 Nc6 7. 0-0 Be7 8. c4 Nf6 9. cxd5 Nxd5 10. Nc3 0-0 11. Re1 Be6 12. a3 Bf6 13. Bc2 Bg4 14. Be3 Re8 15. h3 Nxe3 16. fxe3 Bh5 17. Qd3 Bg6 18. Qd2 Bxc2 19. Qxc2 g6 20. Rad1 Bg7 21. Qd3 Qd7 22. Ne4 Qd5 23. Nf2 f5 24. h4 Rad8 25. h5 Rd7 26. Nh3 Ne5 27. Nxe5 Bxe5 28. Rc1 c5 29. Kh1 cxd4 30. exd4 Qxd4 31. Qb3+ Qd5 32. Qxd5+ Rxd5 33. hxg6 hxg6 34. Nf4 Rdd8 35. Nxg6 Bxb2 36. Rxe8+ Rxe8 37. Rc7 Bxa3 38. Rxb7 a5 39. Rb5 Bd6 40. g4 Ra8 41. Rd5 Ra6 42. Ne5 Bxe5 43. Rxe5 fxg4 44. Kg2 a4 45. Kf2 a3 46. Re1 a2 47. Ra1 Ra3 0-1